00402nam a2200157Ia 4500008004100000020001500041041001200056082001600068100002100084245007600105250000800181260002500189300000800214650000700222700001500229221030s9999 xx 000 0 und d a0074635913 aEnglish a105.23bEdm aJ. A. Edminister 0aTheory & Problems of Electric Circuitscby J. A. Edminister, N. Mahmood a3rd bTMHaNew Delhic1999 a468 aEE aN. Mahmood